L'Economia del Baix Ebre / Josep-Joan Grau i Folch, Jesús Sorribes i Montserrat ; amb la col·laboració de Juli Aiguabella i Pascual ... [et al.] ; pròleg pel professor Federico Mayor Zaragoza
MARC
| LEADER | 00000nam a2200000Ia 4500 | ||
|---|---|---|---|
| 001 | 1735, 1736 | ||
| 008 | 160829s1985 xx 000 0 cat d | ||
| 080 | |a M-2-11, M-2-12 | ||
| 100 | |a Grau i Folch, Josep-Joan |9 32017 | ||
| 245 | |a L'Economia del Baix Ebre / Josep-Joan Grau i Folch, Jesús Sorribes i Montserrat ; amb la col·laboració de Juli Aiguabella i Pascual ... [et al.] ; pròleg pel professor Federico Mayor Zaragoza | ||
| 260 | |a Barcelona : |b Caixa d'Estalvis de Catalunya, |c 1985 | ||
| 300 | |a 2 v. ; |c amb map. ; |c 24 cm | ||
| 490 | |a Catalunya comarcal | ||
| 590 | |a Conté: 1: Estructura i dinàmica sòcio-econòmica. | ||
| 590 | |a XIX, 393 p, 2: Els antecedents històrics. | ||
| 590 | |a 301 p. | ||
| 650 | |a Baix Ebre |x Condicions econòmiques |9 35325 | ||
| 700 | |a Sorribes i Montserrat, Jesús |9 35326 | ||
| 700 | |a Aiguabella i Pascual, Juli |9 35327 | ||
| 700 | |a Mayor Zaragoza, Federico, pr. |9 35328 | ||
| 901 | |a Arxiu | ||
| 942 | |n 1 | ||
| 952 | |0 0 |1 0 |4 0 |6 M211_M212 |7 1 |9 46854 |a Arxiu |b Arxiu |d 2016-12-01 |l 0 |o M-2-11, M-2-12 |p 1735, 1736 |r 2016-12-01 00:00:00 |w 2016-12-01 |y ARXIU | ||
| 999 | |c 50647 |d 50647 | ||